| 000 | 00906 a2200205 4500 | ||
|---|---|---|---|
| 003 | Nust | ||
| 005 | 20220802131856.0 | ||
| 010 | _a 2003064953 | ||
| 020 | _a3540012184 (alk. paper) | ||
| 040 | _cNust | ||
| 082 | 0 | 0 | _a620.5,SPR |
| 245 | 0 | 0 |
_aSpringer handbook of nanotechnology / _cBharat Bhushan (ed.). |
| 246 | 3 | 0 | _aHandbook of nanotechnology |
| 260 |
_aBerlin ; _aNew York : _bSpringer, _cc2004. |
||
| 300 |
_axxxvi, 1222 p. : _bill. ; _c25 cm. _e+ 1 CD-ROM (4 3/4 in.) |
||
| 505 | _aNanostructures, Micro/Nanofabrication, and Micro/Nanodevices (Page-9), Scanning Probe Microscopy (Page-325), Nanotribology and Nanomechanics (Page-497), Molecularly Thick Films for Lubrication (Page-791), Industrial Applications and Microdevice Reliability (Page-899), Social and Ethical Implication (Page-1135). | ||
| 650 | 0 |
_aNanotechnology _92826 |
|
| 700 | 1 |
_aBhushan, Bharat, _d1949- _983676 |
|
| 942 |
_cREF _2ddc |
||
| 999 |
_c175514 _d175514 |
||